[Event "11th EUR-ch"]
[Site "Rijeka CRO"]
[Date "2010.03.15"]
[Round "9"]
[White "Onoprienko, Vladimir"]
[Black "Demel, Paul"]
[Result "1-0"]
[WhiteElo "2346"]
[BlackElo "2155"]
[EventDate "2010.03.06"]
[PlyCount "51"]

1.e4 c5 2.Nc3 a6 3.Nf3 d6 4.d4 cxd4 5.Nxd4 Nf6 6.Bc4 e6 7.Bb3 Nc6 8.Be3 
Be7 9.f4 Qc7 10.O-O O-O 11.f5 Nxd4 12.Bxd4 e5 13.Be3 b5 14.g4 Bb7 15.g5 
Nxe4 16.Nd5 Bxd5 17.Qxd5 Nxg5 18.Qg2 h6 19.f6 gxf6 20.h4 Kg7 21.Rf5 d5 22.
hxg5 fxg5 23.Bxg5 Bxg5 24.Rxg5+ Kh8 25.Qh2 Qb6+ 26.Kh1 1-0

[Event "11th EUR-ch"]
[Site "Rijeka CRO"]
[Date "2010.03.15"]
[Round "9"]
[White "Malachi, Avraham"]
[Black "Schiendorfer, Emanuel"]
[Result "0-1"]
[WhiteElo "2188"]
[BlackElo "2340"]
[EventDate "2010.03.06"]
[PlyCount "100"]

1.e4 c5 2.Nf3 d6 3.d4 cxd4 4.Nxd4 Nf6 5.Nc3 a6 6.Bg5 e6 7.f4 Be7 8.Qf3 Qc7
9.O-O-O Nbd7 10.g4 b5 11.Bxf6 Nxf6 12.g5 Nd7 13.f5 Bxg5+ 14.Kb1 O-O 15.Qg3
Bf6 16.fxe6 Nb6 17.exf7+ Rxf7 18.Nd5 Nxd5 19.exd5 Be5 20.Qd3 Rf4 21.Nc6 
Bf5 22.Qd2 Rf8 23.Nxe5 dxe5 24.d6 Qc5 25.Qc3 Qxc3 26.bxc3 Kf7 27.Bd3 e4 
28.Be2 e3 29.Rhe1 Rd8 30.Bd3 Bxd3 31.Rxd3 Re4 32.Kb2 g5 33.Kb3 h5 34.Rd5 
Kf6 35.Rf1+ Kg6 36.d7 e2 37.Re1 g4 38.c4 bxc4+ 39.Kc3 h4 40.Kd2 Re7 41.
Rxe2 Rdxd7 42.Rxd7 Rxd7+ 43.Ke1 Kf5 44.Rf2+ Kg5 45.Rf8 g3 46.hxg3 hxg3 47.
Ke2 Kg4 48.Rh8 c3 49.Rg8+ Kh3 50.Rh8+ Kg2 0-1

[Event "11th EUR-ch"]
[Site "Rijeka CRO"]
[Date "2010.03.15"]
[Round "9"]
[White "Ramesa, Davor"]
[Black "Krauss, Josef"]
[Result "1-0"]
[WhiteElo "2339"]
[BlackElo "2100"]
[EventDate "2010.03.06"]
[PlyCount "85"]

1.Nf3 d5 2.d4 Nf6 3.c4 c6 4.Nc3 dxc4 5.a4 Bf5 6.e3 e6 7.Bxc4 Bb4 8.O-O O-O
9.Qe2 Bg4 10.Rd1 Qa5 11.Bd2 Qh5 12.h3 Bxf3 13.Qxf3 Qxf3 14.gxf3 a5 15.Ne4 
Bxd2 16.Nxf6+ gxf6 17.Rxd2 Nd7 18.Rc1 Rfd8 19.Rdd1 Kf8 20.Kf1 Ke7 21.Ke2 
Rac8 22.Bb3 Rg8 23.e4 Rg5 24.d5 Nb6 25.h4 Rh5 26.dxe6 fxe6 27.Rg1 Kf7 28.
Rg4 f5 29.Rg5 Rxg5 30.hxg5 Rg8 31.Rh1 Rxg5 32.Rxh7+ Rg7 33.Bxe6+ Kf8 34.
Rxg7 Kxg7 35.b3 f4 36.e5 Kg6 37.Kd3 Na8 38.Bc8 Nc7 39.Bxb7 Kf5 40.Kc4 Kxe5
41.Bxc6 Kd6 42.Be4 Na6 43.Kb5 1-0

[Event "11th EUR-ch"]
[Site "Rijeka CRO"]
[Date "2010.03.15"]
[Round "9"]
[White "Milonakis, Georgios"]
[Black "Chudinovskikh, Alexander"]
[Result "1/2-1/2"]
[WhiteElo "2154"]
[BlackElo "2314"]
[EventDate "2010.03.06"]
[PlyCount "111"]

1.e4 e5 2.Nf3 Nc6 3.Bb5 a6 4.Ba4 Nf6 5.O-O Be7 6.Re1 b5 7.Bb3 O-O 8.h3 Bb7
9.c3 d5 10.exd5 Na5 11.Nxe5 Nxb3 12.axb3 Qxd5 13.Nf3 Rfe8 14.d4 Bd6 15.
Rxe8+ Rxe8 16.Be3 Ne4 17.Na3 Qh5 18.c4 h6 19.c5 Bf8 20.Nc2 Rd8 21.b4 f6 
22.Nce1 Qd5 23.Ra3 Kh7 24.Nd2 Nxd2 25.Qxd2 g5 26.f3 Bg7 27.Bf2 Re8 28.Nc2 
c6 29.Ne3 Qf7 30.Nf5 Bf8 31.Re3 Bc8 32.Qd3 Rxe3 33.Nxe3+ Kg8 34.d5 cxd5 
35.Qxd5 Bb7 36.Qxf7+ Kxf7 37.Kf1 Ke6 38.Ke2 f5 39.Be1 f4 40.Nd1 Bd5 41.Bc3
Bc4+ 42.Ke1 a5 43.Nf2 axb4 44.Bxb4 Bg7 45.Ba3 Kd5 46.Ne4 Bd3 47.Nd6 h5 48.
Nf7 Bf6 49.Nd6 Bd4 50.Ne4 Bxe4 51.fxe4+ Kxe4 52.c6 Be5 53.Be7 Kd5 54.Bxg5 
Kxc6 55.Ke2 Kd5 56.Kd3 1/2-1/2

[Event "11th EUR-ch"]
[Site "Rijeka CRO"]
[Date "2010.03.15"]
[Round "9"]
[White "Kinez, Ivo"]
[Black "Medancic, Rikard"]
[Result "0-1"]
[WhiteElo "2138"]
[BlackElo "2311"]
[EventDate "2010.03.06"]
[PlyCount "78"]

1.e4 e5 2.Nf3 Nc6 3.Bb5 Bc5 4.c3 Nf6 5.O-O O-O 6.d4 Bb6 7.dxe5 Nxe4 8.Qd5 
Nc5 9.b4 Ne6 10.Bd3 Ne7 11.Qe4 Ng6 12.Qg4 d6 13.Qh5 dxe5 14.Nxe5 Qd5 15.a4
a5 16.Bxg6 fxg6 17.Qe2 axb4 18.Nc4 Bc5 19.cxb4 Nd4 20.Qd1 Bxb4 21.Ne3 Qd6 
22.Bb2 Nf5 23.Nd5 Bc5 24.Ndc3 Qxd1 25.Rxd1 Nd6 26.Rf1 Nc4 27.Bc1 Bf5 28.
Ra2 b5 29.Bg5 b4 30.Nd1 b3 31.Re2 Bd3 32.Rfe1 Bxe2 33.Rxe2 Rxa4 34.g3 Ra1 
35.Ndc3 Na3 36.Rb2 Rxf2 37.Rxf2 Nxb1 38.Ne4 Nc3+ 39.Kg2 Nxe4 0-1

[Event "11th EUR-ch"]
[Site "Rijeka CRO"]
[Date "2010.03.15"]
[Round "9"]
[White "Chubar, Vladimir"]
[Black "Kunze, Carlo"]
[Result "0-1"]
[WhiteElo "2114"]
[BlackElo "2306"]
[EventDate "2010.03.06"]
[PlyCount "120"]

1.d4 Nf6 2.Nf3 d6 3.Bg5 Nbd7 4.Nc3 e5 5.e4 Be7 6.Bc4 O-O 7.O-O c6 8.dxe5 
dxe5 9.a4 Qc7 10.Qe2 h6 11.Bh4 Re8 12.Bg3 Bf8 13.Nh4 Nc5 14.Ng6 Bd6 15.
Rad1 Ne6 16.Rxd6 Qxd6 17.Bxe5 Qc5 18.Bxf6 fxg6 19.Bh4 Kh8 20.Ba2 Nd4 21.
Qd2 g5 22.Bg3 Be6 23.Bxe6 Rxe6 24.Rd1 Rd8 25.Kh1 Ree8 26.Qc1 b5 27.e5 Nf5 
28.f4 Qe3 29.Qxe3 Nxe3 30.Rc1 gxf4 31.Bxf4 Nd5 32.Nxd5 Rxd5 33.axb5 cxb5 
34.h4 Red8 35.Kh2 Rd1 36.Kg3 Rxc1 37.Bxc1 Kg8 38.Be3 a6 39.c3 Kf7 40.Kf4 
a5 41.Kf5 g6+ 42.Ke4 h5 43.g3 a4 44.Bc5 Rd2 45.Ba3 Ke6 46.Kf4 Rg2 47.Kf3 
Rg1 48.Kf4 Re1 49.Kg5 Kf7 50.Kf4 Re2 51.g4 hxg4 52.Kxg4 Rxe5 53.Bd6 Re2 
54.Ba3 Kf6 55.Kf4 Rh2 56.Kg4 Ke5 57.Kg3 Rh1 58.Bf8 Kf5 59.Bc5 Rb1 60.Ba3 
Re1 0-1

[Event "11th EUR-ch"]
[Site "Rijeka CRO"]
[Date "2010.03.15"]
[Round "9"]
[White "Schweitzer, Werner"]
[Black "Nedochetov, Mikhail"]
[Result "1-0"]
[WhiteElo "2069"]
[BlackElo "2299"]
[EventDate "2010.03.06"]
[PlyCount "107"]

1.e4 c6 2.Nf3 d5 3.Nc3 Bg4 4.h3 Bxf3 5.Qxf3 e6 6.d3 Nf6 7.Bd2 Bb4 8.e5 
Nfd7 9.Qg4 Bf8 10.Qg3 a6 11.Be2 c5 12.O-O Nc6 13.f4 g6 14.Rae1 Be7 15.Qf2 
Nd4 16.Rc1 c4 17.Kh1 Nf5 18.g3 Bc5 19.Qf3 b5 20.dxc4 bxc4 21.Na4 Be7 22.
Be1 h5 23.h4 Nd4 24.Qd3 Nxe2 25.Qxe2 Rc8 26.Bf2 Qa5 27.b3 Qb5 28.Qf3 Qc6 
29.Be3 Qb7 30.Kh2 Qb5 31.Bf2 Ba3 32.Rb1 Be7 33.Rbc1 Kf8 34.Kh3 Kg7 35.Bd4 
Rc7 36.Nc3 Qa5 37.Rcd1 f5 38.exf6+ Bxf6 39.Qe3 Re8 40.Nxd5 Qxd5 41.Bxf6+ 
Nxf6 42.Rxd5 exd5 43.Qc3 Rce7 44.f5 cxb3 45.fxg6 Re6 46.cxb3 Kxg6 47.Qf3 
Rg8 48.Qf5+ Kf7 49.Qxh5+ Ke7 50.Qf5 Rh8 51.Rf3 Rh6 52.Qg5 Rh7 53.Rf5 Rd6 
54.Qe3+ 1-0

[Event "11th EUR-ch"]
[Site "Rijeka CRO"]
[Date "2010.03.15"]
[Round "9"]
[White "Baghdasarian, Vahe"]
[Black "Lazic, Dusko"]
[Result "1-0"]
[WhiteElo "2284"]
[BlackElo "2046"]
[EventDate "2010.03.06"]
[PlyCount "47"]

1.e4 e5 2.Nf3 Nc6 3.Bb5 a6 4.Ba4 Nf6 5.d3 b5 6.Bb3 Bc5 7.c3 O-O 8.Nbd2 d5 
9.O-O h6 10.exd5 Nxd5 11.Ne4 Ba7 12.Bxh6 f5 13.Bg5 Qd7 14.c4 fxe4 15.cxd5 
Nd4 16.Nxd4 Bxd4 17.d6+ Rf7 18.dxe4 c5 19.Bxf7+ Qxf7 20.Kh1 Be6 21.f4 exf4
22.Rxf4 Qg6 23.Be7 Bxb2 24.d7 1-0

[Event "11th EUR-ch"]
[Site "Rijeka CRO"]
[Date "2010.03.15"]
[Round "9"]
[White "Levine, Yonatan"]
[Black "Fucak, Emilijo"]
[Result "1/2-1/2"]
[WhiteElo "2096"]
[BlackElo "2280"]
[EventDate "2010.03.06"]
[PlyCount "27"]

1.c4 e6 2.Nc3 d5 3.e3 Nf6 4.Nf3 Be7 5.b3 O-O 6.Bb2 b6 7.cxd5 Nxd5 8.Nxd5 
Qxd5 9.Bc4 Qd8 10.O-O Bb7 11.Be2 c5 12.d4 Nd7 13.Rc1 Rc8 14.Qd2 1/2-1/2

[Event "11th EUR-ch"]
[Site "Rijeka CRO"]
[Date "2010.03.15"]
[Round "9"]
[White "Nakar, Eylon"]
[Black "Nastic, Milorad"]
[Result "1/2-1/2"]
[WhiteElo "2264"]
[BlackElo "2009"]
[EventDate "2010.03.06"]
[PlyCount "70"]

1.e4 e5 2.Nf3 d6 3.d4 Nf6 4.Nc3 Nbd7 5.Be2 c6 6.a4 b6 7.O-O Qc7 8.b3 Be7 
9.Ba3 O-O 10.dxe5 Nxe5 11.Nd4 Re8 12.f4 Neg4 13.Qd2 Kh8 14.h3 Nh6 15.g4 
Nhg8 16.g5 Bxh3 17.gxf6 Nxf6 18.Rf3 Bg4 19.Re3 Bf8 20.Re1 Rad8 21.Bb2 Bxe2
22.Qxe2 d5 23.e5 Bc5 24.Nd1 Ne4 25.Nf2 f5 26.Nxe4 fxe4 27.Kh1 Bxd4 28.Bxd4
Qf7 29.Qh2 Re6 30.Rh3 h6 31.Rh5 c5 32.f5 cxd4 33.fxe6 Qf3+ 34.Kg1 Qg4+ 35.
Kh1 Qf3+ 1/2-1/2

[Event "11th EUR-ch"]
[Site "Rijeka CRO"]
[Date "2010.03.15"]
[Round "9"]
[White "Voiteanu, Gabriel"]
[Black "Zrilic, Bozo"]
[Result "1-0"]
[WhiteElo "2254"]
[BlackElo "1964"]
[EventDate "2010.03.06"]
[PlyCount "75"]

1.d4 e6 2.c4 d5 3.Nc3 c6 4.Nf3 Nd7 5.e3 dxc4 6.Bxc4 b5 7.Bd3 Bb7 8.O-O a6 
9.a4 b4 10.Ne4 Ngf6 11.b3 Be7 12.Bb2 O-O 13.Rc1 Nd5 14.Ne5 Nxe5 15.dxe5 c5
16.Nxc5 Bxc5 17.Rxc5 Qg5 18.Qf3 Nxe3 19.Qxb7 Nxf1 20.Qe4 g6 21.Bxf1 Rac8 
22.Qxb4 Rcd8 23.Bd4 a5 24.Rxa5 Qc1 25.Qc3 Qd1 26.Bc5 Rfe8 27.Bd6 h5 28.Ra7
Rc8 29.Qf3 Qxf3 30.gxf3 Rc3 31.Bc4 Rxf3 32.a5 h4 33.Kg2 Rc3 34.h3 Kg7 35.
Be7 g5 36.Bxg5 Kg6 37.Bxh4 Rg8 38.a6 1-0

[Event "11th EUR-ch"]
[Site "Rijeka CRO"]
[Date "2010.03.15"]
[Round "9"]
[White "Guidi, Maurizio"]
[Black "Bente, Bjorn"]
[Result "1-0"]
[WhiteElo "2050"]
[BlackElo "2245"]
[EventDate "2010.03.06"]
[PlyCount "53"]

1.e4 c6 2.d4 d5 3.Nc3 dxe4 4.Nxe4 Bf5 5.Ng3 Bg6 6.h4 h6 7.Nh3 e6 8.Nf4 Bh7
9.Bc4 Nf6 10.O-O Bd6 11.Ngh5 O-O 12.Re1 Nxh5 13.Nxh5 Qxh4 14.g3 Qe7 15.Qg4
Bg6 16.Bxh6 gxh6 17.Rxe6 fxe6 18.Qxg6+ Kh8 19.Re1 Qg5 20.Rxe6 Qxg6 21.Rxg6
Kh7 22.Rxd6 Na6 23.Bd3+ Kg8 24.Bc4+ Kh7 25.Rd7+ Kg6 26.Rg7+ Kf5 27.f3 1-0

[Event "11th EUR-ch"]
[Site "Rijeka CRO"]
[Date "2010.03.15"]
[Round "9"]
[White "Papadakis, Michalis"]
[Black "Monjac, Mislav"]
[Result "0-1"]
[WhiteElo "2244"]
[BlackElo "1876"]
[EventDate "2010.03.06"]
[PlyCount "158"]

1.d4 Nf6 2.Bg5 e6 3.e4 h6 4.Bxf6 Qxf6 5.c3 d6 6.Bd3 g6 7.Ne2 e5 8.Nd2 Bg7 
9.O-O O-O 10.f4 exd4 11.cxd4 c5 12.e5 dxe5 13.dxe5 Qe7 14.Nc4 Nc6 15.Nc3 
Be6 16.Qe2 Nd4 17.Qf2 Rad8 18.Ne4 Nf5 19.Ned6 Nxd6 20.Nxd6 Rxd6 21.exd6 
Qxd6 22.Qc2 c4 23.Be4 Qb6+ 24.Kh1 Qxb2 25.Rab1 Qxc2 26.Bxc2 b6 27.Rfd1 c3 
28.a4 Bf5 29.Rbc1 Bxc2 30.Rxc2 Re8 31.g3 Re4 32.Ra2 Rc4 33.Kg2 a6 34.Rc1 
b5 35.axb5 axb5 36.Ra8+ Kh7 37.Rb8 b4 38.Rc2 Rd4 39.Kf3 Rd2 40.Rxd2 cxd2 
41.Ke2 Bc3 42.Rb6 h5 43.Kd1 Kh6 44.Kc2 f6 45.h4 f5 46.Rb7 Bd4 47.Rxb4 Bf2 
48.Kxd2 Bxg3 49.Ke3 Bxh4 50.Kd4 Bg3 51.Ke5 h4 52.Kf6 Kh5 53.Ra4 h3 54.Ra3 
h2 55.Rxg3 h1=Q 56.Rg5+ Kh4 57.Kxg6 Qe4 58.Kf6 Qxf4 59.Rxf5 Qd6+ 60.Kg7 
Kg4 61.Rf6 Qe5 62.Kg6 Qe8+ 63.Rf7 Qe6+ 64.Kg7 Kg5 65.Kf8 Qd6+ 66.Kg8 Qd8+ 
67.Kh7 Qe8 68.Kg7 Qe5+ 69.Kh7 Qd4 70.Rg7+ Kf6 71.Kg8 Qd5+ 72.Kh8 Qa8+ 73.
Kh7 Qe8 74.Ra7 Qe4+ 75.Kg8 Qc4+ 76.Kh8 Qh4+ 77.Rh7 Qg3 78.Ra7 Qh2+ 79.Kg8 
Qb8+ 0-1

[Event "11th EUR-ch"]
[Site "Rijeka CRO"]
[Date "2010.03.15"]
[Round "9"]
[White "Piro, Valerio"]
[Black "Hoffmann, Paul"]
[Result "0-1"]
[WhiteElo "2067"]
[BlackElo "2361"]
[EventDate "2010.03.06"]
[PlyCount "122"]

1.Nf3 Nf6 2.c4 e6 3.g3 b6 4.Bg2 Bb7 5.Nc3 c5 6.O-O Be7 7.d4 cxd4 8.Nxd4 
Bxg2 9.Kxg2 Qc8 10.Qd3 O-O 11.b3 Na6 12.e4 Qb7 13.f3 d6 14.Ba3 Rfd8 15.
Rfd1 Nc5 16.Qe3 a6 17.Rd2 Rac8 18.Rad1 Re8 19.Bb2 Bf8 20.Qe2 Ncd7 21.Qd3 
Ne5 22.Qe3 h6 23.Qf2 Nfd7 24.f4 Ng4 25.Qf3 Ngf6 26.Ba3 Nc5 27.Bxc5 Rxc5 
28.h3 Qb8 29.Rd3 Rec8 30.Na4 R5c7 31.Nc3 Nd7 32.a4 g6 33.Nce2 Nc5 34.Re3 
Qb7 35.e5 dxe5 36.Qxb7 Nxb7 37.Rxe5 Rd7 38.Re3 Rcd8 39.Red3 Bb4 40.Rf3 Nc5
41.Rdf1 Rxd4 42.Nxd4 Rxd4 43.R1f2 a5 44.Rc2 Rd1 45.g4 Rb1 46.f5 g5 47.fxe6
Nxe6 48.Rcf2 Nf4+ 49.Kh2 Bd6 50.Rf1 Rb2+ 51.Kh1 Bc5 52.Rd1 Kg7 53.Rdf1 Rd2
54.Rb1 Nd3 55.Rbf1 Nf2+ 56.Kg2 Nxg4+ 57.Kg3 Kg6 58.Rxf7 Bd6+ 59.Kxg4 Rd4+ 
60.Kf3 Kxf7 61.Ke3+ Rf4 0-1

[Event "11th EUR-ch"]
[Site "Rijeka CRO"]
[Date "2010.03.15"]
[Round "9"]
[White "Spichkin, Alexander"]
[Black "Bozinovic, Boban"]
[Result "0-1"]
[WhiteElo "2241"]
[BlackElo "2086"]
[EventDate "2010.03.06"]
[PlyCount "100"]

1.g4 d5 2.Bg2 Bxg4 3.c4 c6 4.cxd5 cxd5 5.Qb3 Qc8 6.Nc3 Nc6 7.Bxd5 e6 8.Bg2
Nf6 9.d3 Be7 10.Be3 O-O 11.Rc1 Qd7 12.Nf3 Rfc8 13.Qa4 Bxf3 14.exf3 Qxd3 
15.Rd1 Qg6 16.O-O Ne5 17.Kh1 a6 18.Ne4 b5 19.Qb3 Rd8 20.Nxf6+ Bxf6 21.a4 
Rd3 22.Qa2 Rad8 23.Rc1 Nc4 24.axb5 axb5 25.Bc5 Qh5 26.Qa7 R3d7 27.Qa2 Qxc5
28.b3 Qa3 29.Qc2 Rd2 30.Qb1 Ne5 31.Rc2 g6 32.Re1 Qb4 33.Rf1 Kg7 34.Qe1 Qd6
35.Rc1 Qd3 36.f4 Nf3 37.Qe3 Qxe3 38.fxe3 Nh4 39.Bc6 b4 40.e4 Bc3 41.Bb5 
Rb2 42.Rb1 Rdd2 43.Rxb2 Rxb2 44.Bc4 Bd4 45.h3 h6 46.f5 exf5 47.exf5 Nxf5 
48.Rf3 Rf2 49.Rxf2 Bxf2 50.Kg2 Ne3+ 0-1

[Event "11th EUR-ch"]
[Site "Rijeka CRO"]
[Date "2010.03.15"]
[Round "9"]
[White "Durandeau, Jean-Marie"]
[Black "Bakin, Alexander"]
[Result "1/2-1/2"]
[WhiteElo "2040"]
[BlackElo "2232"]
[EventDate "2010.03.06"]
[PlyCount "41"]

1.e4 c6 2.d4 d5 3.e5 Bf5 4.Be3 e6 5.Nd2 Nd7 6.f4 h5 7.Be2 h4 8.Ngf3 Nh6 9.
h3 Bg6 10.O-O Nf5 11.Bf2 Be7 12.c3 c5 13.c4 dxc4 14.Nxc4 O-O 15.d5 b5 16.
Ne3 exd5 17.Qxd5 a6 18.Rfd1 Nxe3 19.Bxe3 Bf5 20.a4 b4 21.Qb7 1/2-1/2

[Event "11th EUR-ch"]
[Site "Rijeka CRO"]
[Date "2010.03.15"]
[Round "9"]
[White "Mihalinec, Damir"]
[Black "Spika, Ivica"]
[Result "1-0"]
[WhiteElo "2232"]
[BlackElo "2085"]
[EventDate "2010.03.06"]
[PlyCount "65"]

1.e4 e5 2.Nf3 d6 3.d4 Nf6 4.dxe5 Nxe4 5.Bc4 Be7 6.Bxf7+ Kxf7 7.Qd5+ Be6 8.
Qxe4 Nc6 9.Nc3 dxe5 10.Nxe5+ Nxe5 11.Qxe5 Bf6 12.Qf4 Re8 13.O-O Kg8 14.Be3
c6 15.Rad1 Qa5 16.Bd4 Bg5 17.Qg3 Bh6 18.Ne4 Rf8 19.Rfe1 Kh8 20.Nc5 Bf7 21.
Nxb7 Qf5 22.Qc3 Bd5 23.f3 Qg6 24.Qd3 Qh5 25.Re5 Qh4 26.Bf2 Qb4 27.Nc5 Qxb2
28.Rh5 Qxa2 29.Bd4 Kg8 30.Nd7 Bf7 31.Rxh6 gxh6 32.Nf6+ Kg7 33.Qxh7# 1-0

[Event "11th EUR-ch"]
[Site "Rijeka CRO"]
[Date "2010.03.15"]
[Round "9"]
[White "Valkovic, Kristian"]
[Black "Kostanjsek, Zorko"]
[Result "1/2-1/2"]
[WhiteElo "2027"]
[BlackElo "2204"]
[EventDate "2010.03.06"]
[PlyCount "154"]

1.d4 d6 2.Nf3 Bg4 3.Nbd2 Nf6 4.h3 Bf5 5.c4 h6 6.Qb3 Qc8 7.e3 Nbd7 8.Bd3 
Bxd3 9.Qxd3 c5 10.O-O g6 11.b3 Bg7 12.Bb2 O-O 13.Rfe1 Qc7 14.Rad1 a6 15.a3
Rab8 16.Qc2 Rfc8 17.dxc5 Nxc5 18.b4 Ncd7 19.Qb3 b5 20.Rc1 Qb7 21.cxb5 axb5
22.Qd3 Qa6 23.Rxc8+ Rxc8 24.Nd4 Ne5 25.Qxb5 Qxb5 26.Nxb5 Nd3 27.Rb1 Nxb2 
28.Rxb2 Ne4 29.Nd4 Rc1+ 30.Nf1 Ra1 31.b5 Rxa3 32.b6 Ra8 33.Rb4 Bxd4 34.
exd4 d5 35.Ne3 e6 36.Ng4 Rb8 37.Nxh6+ Kg7 38.Ng4 f6 39.Ne3 Rb7 40.Nd1 Nd6 
41.Nc3 Nc4 42.Na4 e5 43.Rb5 exd4 44.Rxd5 Nxb6 45.Rb5 d3 46.Nxb6 d2 47.Rd5 
Rxb6 48.Rxd2 Rb7 49.Kh2 Ra7 50.Kg3 Ra3+ 51.f3 Ra7 52.h4 Rb7 53.Rd3 Ra7 54.
Kh3 Rb7 55.g4 Ra7 56.Kg3 Rb7 57.Rd5 Ra7 58.g5 fxg5 59.hxg5 Rf7 60.Kg4 Kh7 
61.Rd6 Kg7 62.f4 Ra7 63.Kf3 Re7 64.Rc6 Kf7 65.Rc5 Re1 66.Rc7+ Kg8 67.Rc5 
Kf7 68.Rc7+ Kg8 69.Rc3 Kf7 70.Re3 Ra1 71.Re2 Ra3+ 72.Kg4 Ra7 73.Re3 Rb7 
74.Rf3 Kg7 75.Rf1 Ra7 76.Rd1 Rb7 77.Rd4 Ra7 1/2-1/2

[Event "11th EUR-ch"]
[Site "Rijeka CRO"]
[Date "2010.03.15"]
[Round "9"]
[White "Pogosian, Vladimir"]
[Black "Bar, Aviv"]
[Result "1-0"]
[WhiteElo "2204"]
[BlackElo "2022"]
[EventDate "2010.03.06"]
[PlyCount "43"]

1.e4 c5 2.Ne2 d6 3.g3 Nf6 4.Bg2 g6 5.c3 Bg7 6.d4 cxd4 7.cxd4 O-O 8.O-O Nc6
9.Nbc3 a6 10.h3 Nd7 11.Be3 Nb6 12.b3 Na7 13.a4 Nc6 14.d5 Nb8 15.Rc1 a5 16.
Nb5 Na6 17.Nc7 Nc5 18.Nxa8 Nxa8 19.Bxc5 dxc5 20.Rxc5 b6 21.Rc2 Ba6 22.Qd2 
1-0

[Event "11th EUR-ch"]
[Site "Rijeka CRO"]
[Date "2010.03.15"]
[Round "9"]
[White "Pantaleoni, Claudio"]
[Black "Lanzani, Giuliano"]
[Result "1/2-1/2"]
[WhiteElo "2179"]
[BlackElo "1992"]
[EventDate "2010.03.06"]
[PlyCount "95"]

1.d4 d5 2.Bf4 Nf6 3.e3 e6 4.Bd3 Bd6 5.Bg3 Qe7 6.Nf3 Bxg3 7.hxg3 Qb4+ 8.
Nbd2 Qxb2 9.O-O Nbd7 10.Qe2 a6 11.e4 c6 12.Qe3 Qb6 13.e5 Ng8 14.c4 Ne7 15.
c5 Qd8 16.Rab1 Nf8 17.g4 h5 18.gxh5 Rxh5 19.g4 Rh8 20.Kg2 Neg6 21.Rh1 Rxh1
22.Rxh1 b5 23.cxb6 Qxb6 24.Nb3 Ra7 25.Nc5 Re7 26.Rb1 Qa7 27.Bc2 Nd7 28.Ba4
Nxc5 29.dxc5 Rc7 30.Rb6 Bb7 31.Kg3 Kd7 32.Nd4 Qa8 33.f4 Qh8 34.Nf3 f6 35.
Rb2 fxe5 36.Nxe5+ Nxe5 37.Qxe5 Qf8 38.Re2 Kc8 39.Qxe6+ Kb8 40.Qe3 Rd7 41.
Qd4 Re7 42.Rxe7 Qxe7 43.Qe5+ Qxe5 44.fxe5 Kc7 45.Kf4 Bc8 46.Bd1 Kd7 47.Bc2
Ke7 48.Bd3 1/2-1/2

[Event "11th EUR-ch"]
[Site "Rijeka CRO"]
[Date "2010.03.15"]
[Round "9"]
[White "Partys, Petr"]
[Black "Sikanjic, Bojan"]
[Result "1/2-1/2"]
[WhiteElo "1977"]
[BlackElo "2170"]
[EventDate "2010.03.06"]
[PlyCount "113"]

1.e4 c5 2.Nf3 d6 3.c3 Nf6 4.Bd3 g6 5.O-O Bg7 6.Re1 O-O 7.Bc2 Nc6 8.h3 e5 
9.d3 d5 10.Nbd2 d4 11.cxd4 cxd4 12.Nc4 Ne8 13.Ba4 Nd6 14.Bxc6 Nxc4 15.Bd5 
Nb6 16.Bb3 Qd6 17.Bd2 Be6 18.Bxe6 Qxe6 19.Ng5 Qd7 20.Qb3 h6 21.Nf3 Qa4 22.
Rec1 Rfc8 23.Bb4 a6 24.Bd6 Qxb3 25.axb3 Nd7 26.Kf1 h5 27.Ke1 f6 28.Nd2 Bh6
29.Kd1 Kf7 30.Rxc8 Rxc8 31.Rc1 Rxc1+ 32.Kxc1 Ke6 33.Bb4 b6 34.Kc2 a5 35.
Ba3 Bxd2 36.Kxd2 b5 37.b4 a4 38.Kc2 f5 39.f3 Kd6 40.b3 fxe4 41.fxe4 Kc6 
42.Bc1 axb3+ 43.Kxb3 Kd6 44.g4 hxg4 45.hxg4 Ke6 46.g5 Nf8 47.Bd2 Kd6 48.
Kc2 Ne6 49.Kd1 Ng7 50.Ke2 Nh5 51.Kf3 Ng7 52.Ke2 Ne8 53.Kd1 Kc6 54.Kc2 Nd6 
55.Kb3 Ne8 56.Kc2 Kd6 57.Kd1 1/2-1/2

[Event "11th EUR-ch"]
[Site "Rijeka CRO"]
[Date "2010.03.15"]
[Round "9"]
[White "Welz, Peter"]
[Black "Stefan, Mario"]
[Result "0-1"]
[WhiteElo "2148"]
[BlackElo "1968"]
[EventDate "2010.03.06"]
[PlyCount "104"]

1.e4 e6 2.d4 d5 3.e5 c5 4.Nf3 Nc6 5.Bd3 cxd4 6.O-O Qb6 7.Bf4 Nge7 8.Nbd2 
Bd7 9.Nb3 Rc8 10.a3 f5 11.exf6 gxf6 12.Bg3 e5 13.Nh4 Be6 14.Re1 Bg7 15.Nf5
Nxf5 16.Qh5+ Bf7 17.Qxf5 Ne7 18.Qg4 O-O 19.Nxd4 e4 20.c3 f5 21.Qg5 Ng6 22.
Bf1 f4 23.Bxf4 Nxf4 24.Qxf4 Bxd4 25.cxd4 Qxd4 26.b4 Bg6 27.Rad1 Qxb4 28.
axb4 Rxf4 29.Rxd5 Rc2 30.Be2 Rb2 31.Rd4 Kg7 32.g4 b6 33.h4 h5 34.Rd7+ Kh8 
35.gxh5 Bf7 36.Rxa7 Rxb4 37.Rc1 Rb2 38.Rc8+ Kg7 39.Bc4 Rbxf2 40.Rcc7 e3 
41.h6+ Kxh6 42.Rxf7 Rg4+ 43.Kh1 Rxh4+ 44.Kg1 Rg4+ 45.Kh1 Rxc4 46.Rh7+ Kg6 
47.Rag7+ Kf5 48.Rf7+ Ke5 49.Re7+ Kd6 50.Rd7+ Kc6 51.Rc7+ Kb5 52.Rcg7 e2 
0-1

[Event "11th EUR-ch"]
[Site "Rijeka CRO"]
[Date "2010.03.15"]
[Round "9"]
[White "Di Lazzaro, Gabriele"]
[Black "Astengo, Corrado"]
[Result "0-1"]
[WhiteElo "1898"]
[BlackElo "2136"]
[EventDate "2010.03.06"]
[PlyCount "80"]

1.e4 c6 2.d4 d5 3.e5 c5 4.c3 Nc6 5.Nf3 cxd4 6.cxd4 Bf5 7.Be2 e6 8.O-O Be7 
9.Nc3 Bg6 10.Be3 h5 11.Rc1 Nh6 12.Bxh6 Rxh6 13.Qd2 h4 14.h3 Be4 15.Rcd1 
Rc8 16.a3 Bf5 17.Bd3 Bxd3 18.Qxd3 Qb6 19.b4 g5 20.Nh2 Nxd4 21.Nxd5 exd5 
22.Qxd4 Qxd4 23.Rxd4 Rc3 24.Rxd5 Rxa3 25.Ra5 Bxb4 26.Rb5 Rb6 27.Rxb6 axb6 
28.Nf3 Be7 29.Rb1 Bd8 30.Kf1 Ra2 31.Nd4 Be7 32.Ne2 Bc5 33.g3 Ke7 34.gxh4 
gxh4 35.f4 Ra3 36.Kg2 Re3 37.Ng1 Rg3+ 38.Kh2 Bxg1+ 39.Rxg1 Rxg1 40.Kxg1 
Ke6 0-1

[Event "11th EUR-ch"]
[Site "Rijeka CRO"]
[Date "2010.03.15"]
[Round "9"]
[White "Nakas, Spyridon"]
[Black "Neagos, Raul-Alexandru"]
[Result "1/2-1/2"]
[WhiteElo "1934"]
[BlackElo "2100"]
[EventDate "2010.03.06"]
[PlyCount "94"]

1.e4 d5 2.exd5 Qxd5 3.Nf3 Nf6 4.d4 Bg4 5.Be2 g6 6.c4 Qd8 7.Nc3 Bg7 8.Be3 
O-O 9.O-O c6 10.h3 Bxf3 11.Bxf3 Nbd7 12.Qb3 Qc7 13.Rfd1 Rfe8 14.Rac1 e5 
15.d5 e4 16.d6 Qa5 17.Be2 c5 18.Nb5 Rac8 19.Nc7 Rf8 20.Qc2 Kh8 21.Bf4 h6 
22.h4 h5 23.f3 e3 24.Rd3 Ne8 25.Ra3 Qd2 26.Rd3 Qa5 27.Nb5 Qxa2 28.Rb1 Qa5 
29.Ra3 Qd8 30.Bg5 Bf6 31.f4 a6 32.Nc7 Nxc7 33.dxc7 Rxc7 34.Rxe3 Re8 35.Rd3
Qe7 36.Bf3 Bxg5 37.hxg5 Nf8 38.Bd5 Ne6 39.Re1 Qf8 40.Rde3 Rce7 41.Bxe6 
Rxe6 42.Rxe6 Rxe6 43.Rxe6 fxe6 44.Qxg6 Qxf4 45.Qh6+ Kg8 46.Qg6+ Kf8 47.
Qxe6 Qd4+ 1/2-1/2

[Event "11th EUR-ch"]
[Site "Rijeka CRO"]
[Date "2010.03.15"]
[Round "9"]
[White "Burstein, Almog"]
[Black "Pfeifer, Antun"]
[Result "0-1"]
[WhiteElo "2100"]
[BlackElo "1882"]
[EventDate "2010.03.06"]
[PlyCount "138"]

1.e4 c5 2.Nf3 d6 3.d4 cxd4 4.Nxd4 Nf6 5.Nc3 a6 6.Be2 e6 7.Be3 b5 8.a3 Bb7 
9.f3 Nbd7 10.O-O Rc8 11.Qe1 Be7 12.Rd1 O-O 13.Qg3 Ne5 14.Kh1 Nc4 15.Bxc4 
Rxc4 16.Bh6 Ne8 17.f4 Bh4 18.Qg4 Rxd4 19.Rxd4 f5 20.exf5 exf5 21.Qe2 gxh6 
22.Qe6+ Kg7 23.Nd5 Qc8 24.Qxc8 Bxc8 25.b3 Bd8 26.Re1 Kf7 27.c4 bxc4 28.
bxc4 Be6 29.Rb1 Bxd5 30.Rxd5 Ke6 31.Re1+ Kd7 32.Red1 Rf6 33.g3 Kc6 34.Kg2 
Bb6 35.Re1 Nc7 36.Rdd1 Kd7 37.a4 Bc5 38.Kf3 Ne6 39.Rd5 Nd4+ 40.Kg2 Nc2 41.
Re2 Ne3+ 42.Rxe3 Bxe3 43.Ra5 Kc6 44.Rxa6+ Kc5 45.Kf3 Bd4 46.Ra7 Kxc4 47.
Rxh7 Kb4 48.h3 Kxa4 49.g4 fxg4+ 50.hxg4 Be5 51.f5 Kb5 52.Ke4 Kc6 53.Re7 
Bb2 54.Ra7 d5+ 55.Kd3 Be5 56.Rh7 Bf4 57.Kd4 Bc7 58.Re7 Kd6 59.Re2 Bb6+ 60.
Kd3 Kc5 61.Rc2+ Kd6 62.Re2 Kd7 63.Re5 Rd6 64.f6 d4 65.f7 Rf6 66.Rb5 Ke7 
67.g5 hxg5 68.Rxg5 Kxf7 69.Re5 Rf3+ 0-1

[Event "11th EUR-ch"]
[Site "Rijeka CRO"]
[Date "2010.03.15"]
[Round "9"]
[White "Reinwald, Patrick"]
[Black "Pejic, Igor"]
[Result "0-1"]
[WhiteElo "2091"]
[BlackElo "1900"]
[EventDate "2010.03.06"]
[PlyCount "142"]

1.e4 c6 2.d4 d5 3.e5 c5 4.Nf3 Bg4 5.c4 cxd4 6.cxd5 Qxd5 7.Nc3 Qa5 8.Qxd4 
Bxf3 9.gxf3 Nc6 10.Bb5 Qxb5 11.Nxb5 Nxd4 12.Nxd4 O-O-O 13.Be3 e6 14.Nb5 
Bb4+ 15.Kf1 a6 16.Rc1+ Kd7 17.Bb6 Rc8 18.Rd1+ Ke7 19.Nc7 Kf8 20.Rc1 Ne7 
21.a3 Bd2 22.Rc4 g6 23.Ke2 Bh6 24.Rd1 Nc6 25.f4 g5 26.Bc5+ Kg7 27.fxg5 
Bxg5 28.Bd6 h5 29.b4 Bd8 30.b5 axb5 31.Nxb5 Bb6 32.Rg1+ Kh6 33.Rf4 Nd8 34.
Rf6+ Kh7 35.Rg5 Rc2+ 36.Kd3 Rxf2 37.Rxh5+ Kg7 38.Rg5+ Kh7 39.Rh5+ Kg7 40.
Rg5+ Kh7 41.Rxf2 Bxf2 42.Rg4 Bb6 43.Nc3 Rg8 44.Rh4+ Kg6 45.Rg4+ Kh7 46.
Rxg8 Kxg8 47.Kc4 Nc6 48.Kb5 Bd4 49.Ne4 Nxe5 50.h3 Nd7 51.a4 e5 52.Nd2 f5 
53.Nf3 Bb2 54.Kc4 Kf7 55.Kb3 Ke6 56.Bb4 Bc1 57.Kc2 Bh6 58.h4 e4 59.Nd4+ 
Ke5 60.Nb5 f4 61.Nd6 f3 62.Kd1 Bf8 63.Nf7+ Kf4 64.Bxf8 Nxf8 65.Nd6 e3 66.
h5 f2 67.Ke2 Ne6 68.Nb5 Kg3 69.Kf1 Nf4 70.Nd4 e2+ 71.Nxe2+ Nxe2 0-1